Trabajo, sujeción y libertad en el centro de la Nueva España (Record no. 79101)
[ view plain ]
| 000 -LEADER | |
|---|---|
| fixed length control field | 00876cam a2200205 4500 |
| 005 - DATE AND TIME OF LATEST TRANSACTION | |
| control field | 20251104102115.0 |
| 008 - FIXED-LENGTH DATA ELEMENTS--GENERAL INFORMATION | |
| fixed length control field | 251104b mx ||||| |||| 00| 0 spa d |
| 020 ## - INTERNATIONAL STANDARD BOOK NUMBER | |
| International Standard Book Number | 9688428973 |
| 050 04 - LIBRARY OF CONGRESS CALL NUMBER | |
| Classification number | F1231.2 |
| Item number | M46 1999 |
| 100 1# - MAIN ENTRY--PERSONAL NAME | |
| Personal name | Mentz, Brigida Von |
| 245 10 - TITLE STATEMENT | |
| Title | Trabajo, sujeción y libertad en el centro de la Nueva España |
| Remainder of title | : esclavos, aprendices, campesinos y operarios manufactureros : siglos XVI a XVIII |
| Statement of responsibility, etc | / Brígida Von Mentz |
| 250 ## - EDITION STATEMENT | |
| Edition statement | 1a ed. |
| 260 ## - PUBLICATION, DISTRIBUTION, ETC. (IMPRINT) | |
| Place of publication, distribution, etc | México : |
| Name of publisher, distributor, etc | CIESAS : |
| -- | Miguel Ángel Porrúa, |
| Date of publication, distribution, etc | 1999 |
| 300 ## - PHYSICAL DESCRIPTION | |
| Extent | 469 paginas : |
| Other physical details | ilustraciones, algunas a color ; |
| Dimensions | 23 cm. |
| 504 ## - BIBLIOGRAPHY, ETC. NOTE | |
| Bibliography, etc | Incluye apéndice |
| 650 #7 - SUBJECT ADDED ENTRY--TOPICAL TERM | |
| Source of heading or term | lemb |
| Topical term or geographic name as entry element | Esclavos |
| Geographic subdivision | México |
| General subdivision | Historia |
| Form subdivision | Colonia española, 1540-1810 |
| 650 #7 - SUBJECT ADDED ENTRY--TOPICAL TERM | |
| Topical term or geographic name as entry element | Trabajo |
| Geographic subdivision | México |
| General subdivision | Historia |
| Form subdivision | Colonia española, 1540-1810 |
| 651 #7 - SUBJECT ADDED ENTRY--GEOGRAPHIC NAME | |
| Source of heading or term | lemb |
| Geographic name | México |
| General subdivision | Historia |
| Chronological subdivision | Colonia española, 1540-1810 |
| 942 ## - ADDED ENTRY ELEMENTS (KOHA) | |
| Source of classification or shelving scheme | Biblioteca del Cogreso de los Estados Unidos |
| Koha item type | Libro |
| Estado de pérdida | Fuente de clasificación | Estado del daño | No para préstamo | Ubicación permanente | Ubicación actual | Apartado o colección | Fecha de adquisición | Edición | Dependencia de educación superior (DES) | Área del conocimiento | Clasificación | Código de Barras | Date last seen | Número de copia | Costo por reposición | Tipo de recurso | Fuente de adquisición |
|---|---|---|---|---|---|---|---|---|---|---|---|---|---|---|---|---|---|
| Biblioteca del Cogreso de los Estados Unidos | Biblioteca del Instituto de Investigaciones Históricas | Biblioteca del Instituto de Investigaciones Históricas | General | 04/07/2017 | 1a ed. | Humanidades | Ciencias Sociales y Administrativas | F1231.2 M46 1999 | IIH000018682 | 04/07/2017 | 1 | 1.00 | Libro | ||||
| Biblioteca del Cogreso de los Estados Unidos | Biblioteca del Instituto de Investigaciones Históricas | Biblioteca del Instituto de Investigaciones Históricas | General | 04/07/2017 | 1a ed. | Humanidades | Ciencias Sociales y Administrativas | F1231.2 M46 1999 | IIH000018683 | 04/07/2017 | 2 | 1.00 | Libro | ||||
| Biblioteca del Cogreso de los Estados Unidos | Biblioteca del Instituto de Investigaciones Históricas | Biblioteca del Instituto de Investigaciones Históricas | General | 04/07/2017 | 1a ed. | Humanidades | Ciencias Sociales y Administrativas | F1231.2 M46 1999 | IIH000018684 | 04/07/2017 | 3 | 1.00 | Libro | Donación | |||
| Descarte | Biblioteca del Cogreso de los Estados Unidos | Biblioteca del Instituto de Investigaciones Históricas | Biblioteca del Instituto de Investigaciones Históricas | General | 04/07/2017 | 1a ed. | Ciencias Sociales y Administrativas | F1231.2 M45 1999 | IIH000018685 | 04/07/2017 | C:4 | 1.00 | Libro | ||||
| Descarte | Biblioteca del Cogreso de los Estados Unidos | Biblioteca del Instituto de Investigaciones Históricas | Biblioteca del Instituto de Investigaciones Históricas | General | 04/07/2017 | 1a ed. | Ciencias Sociales y Administrativas | F1231.2 M45 1999 | IIH000018686 | 04/07/2017 | C:5 | 1.00 | Libro |